000 00492nam a22001817a 4500
003 LK-CoDNM
005 20250205154748.0
008 250205b |||||||| |||| 00| 0 eng d
040 _aLK-CoDNM
_dLK-CoDNM
_eLK-CoDNM
041 _aeng
080 _a69
100 _aBain, W.A.
245 _aSchafer's Experimental Physiology - vi edition
260 _aLondon, New York, Toronto
_bLongmans, Green and CO.
_c1938
300 _aviii, 184p. : ill ; 22 cm
650 _aScience
942 _cBK
999 _c237859
_d237859